Associez ces places à leurs villes - Statistiques

Statistiques générales
  • Ce quiz a été pris 62 fois
  • Le résultat moyen est 64 sur 81
Statistiques - réponses
Question Tuile Select % Correct
Place Stanislas Bordeaux Non
98%
Place Stanislas Lyon Non
98%
Place Stanislas Toulouse Non
98%
Place Stanislas Nantes Non
97%
Place Stanislas Avignon Non
95%
Place Stanislas Nice Non
95%
Place Stanislas Tours Non
95%
Place Stanislas Montpellier Non
93%
Place du Capitole Avignon Non
90%
Place du Capitole Nantes Non
90%
Place du Capitole Tours Non
90%
Place du Capitole Bordeaux Non
88%
Place du Capitole Lyon Non
88%
Place Bellecour Montpellier Non
88%
Place du Capitole Montpellier Non
88%
Place Bellecour Nice Non
88%
Place du Capitole Nice Non
88%
Place Bellecour Avignon Non
86%
Place Bellecour Bordeaux Non
86%
Place de la Comédie Nancy Non
86%
Place du Capitole Nancy Non
86%
Place Bellecour Nantes Non
86%
Place Bellecour Toulouse Non
86%
Place Bellecour Tours Non
86%
Place de la Comédie Bordeaux Non
85%
Place de la Comédie Lyon Non
85%
Place de la Comédie Nantes Non
85%
Place de la Comédie Nice Non
85%
Place Masséna Bordeaux Non
83%
Place Bellecour Nancy Non
83%
Place Masséna Toulouse Non
83%
Place Masséna Avignon Non
81%
Place Masséna Lyon Non
81%
Place Stanislas Nancy Oui
81%
Place Masséna Nancy Non
81%
Place de la Comédie Tours Non
81%
Place Masséna Tours Non
81%
Place de la Bourse Avignon Non
80%
Place Plumereau Lyon Non
80%
Place Masséna Montpellier Non
80%
Place Royale Nice Non
80%
Place de la Bourse Nice Non
80%
Place de la Bourse Toulouse Non
80%
Place du Capitole Toulouse Oui
80%
Place du Palais Toulouse Non
80%
Place du Palais Bordeaux Non
78%
Place Royale Lyon Non
78%
Place de la Bourse Lyon Non
78%
Place du Palais Lyon Non
78%
Place de la Bourse Montpellier Non
78%
Place du Palais Montpellier Non
78%
Place Royale Nancy Non
78%
Place de la Bourse Nancy Non
78%
Place du Palais Nancy Non
78%
Place Masséna Nantes Non
78%
Place Royale Toulouse Non
78%
Place de la Comédie Toulouse Non
78%
Place de la Bourse Tours Non
78%
Place Plumereau Montpellier Non
76%
Place Plumereau Nantes Non
76%
Place du Palais Nice Non
76%
Place Plumereau Toulouse Non
76%
Place du Palais Tours Non
76%
Place Plumereau Avignon Non
75%
Place de la Comédie Avignon Non
75%
Place Plumereau Bordeaux Non
75%
Place Bellecour Lyon Oui
75%
Place Royale Montpellier Non
75%
Place de la Bourse Nantes Non
75%
Place Plumereau Nice Non
75%
Place Plumereau Nancy Non
73%
Place Royale Avignon Non
71%
Place du Palais Nantes Non
71%
Place Royale Tours Non
68%
Place Royale Bordeaux Non
66%
Place Masséna Nice Oui
56%
Place de la Comédie Montpellier Oui
54%
Place de la Bourse Bordeaux Oui
49%
Place Plumereau Tours Oui
47%
Place du Palais Avignon Oui
46%
Place Royale Nantes Oui
36%
Aucun quiz correspondant
Distribution des résultats
% des personnes avec chaque résultat
Percentile par nombre de réponses
Votre historique - résultats
Vous n’avez pas pris ce quiz